LEADER 01070nam a2200253 a 4500 001 000000167494 003 CaOOAMICUS 005 20180504150208.0 008 180504s2003 it af u000 u ita r 032 $aLibriCat 040 $aPUL$bita 100 1 $aRiva, Franco,$d1953-$0(OLS)http://pul/name/2436 245 10$aAscesi, mondo e società : $bmonachesimo e cultura contemporanea /$cFranco Riva. 260 $aSeregno :$bAbbazia San Benedetto,$c2003. 300 $a193 p., [4] c. di tav. :$bill. ;$c19 cm. 490 1 $aOrizzonti monastici ;$v33 650 4$aMonachesimo.$0(OLS)http://pul/subject/42099 830 0$aOrizzonti monastici ;$v33.$0(OLS)http://pul/title/104676 850 $aPUL 852 $aPUL$W1$xDP1 Fondo Dalla Palma$y117$m3 B 74$j166195$qFondi$B195142$CPULBib$Z2$F195142 $HDal2368 $81 941 1 $a1 996 $6245$aAscesi, mondo e società : $bmonachesimo e cultura contemporanea$9(OLS)http://pul/title/207562 996 $6260$aSeregno :$bAbbazia San Benedetto$9(OLS)http://pul/publisher/75747 LEADER 01917nam a2200325 a 4500 001 000000127995 003 CaOOAMICUS 005 20120314102714.0 008 120314s2011 vc u000 u fre r 020 $a978-88-209-8660-5 040 $aPUL$bita 082 04$a270.092 110 2 $aPapi (2005-2013 : Benedictus XVI).$0(OLS)http://pul/name/64993 245 10$aExhortation apostolique post-synodale "Africae munus" du Pape Benoît XVI aux évêques, au clergé, aux personnes consacrées et aux fidèles laïcs sur l'église en Afrique au service de la réconciliation, de la justice et de la paix: "Vous êtes le sel de la terre [...] Vous êtes la lumière du monde" (Mt 5,13.14) 246 34$aAfricae munus 260 $aCittà del Vaticano :$bLibreria editrice vaticana,$c2011. 300 $a166 p. ;$c17 cm 504 $aBibliografia in nota. 600 04$aBenedictus PP. XVI,$d1927-2022$xInsegnamenti.$0(OLS)http://pul/subject/36949 850 $aPUL 852 $aPUL$W1$xSL Religione 3$y85$m270. 092 BENED16 7$j148161$qDDC 21$B146754$CPULBib$Z2$F146754 $H118891 $82 900 $aBenedictus PP.$bXVI,$d1927-2022$964993 900 $aBenedictus PP.$bXVI,$d1927-2022$964993 941 1 $a9 996 $6020$a978-88-209-8660-5$9(OLS)http://pul/number/149193 996 $6082$a270.092$9(OLS)http://pul/classification/509 996 $6246$aAfricae munus$9(OLS)http://pul/title/161745 996 $6245$aExhortation apostolique post-synodale "Africae munus" du Pape Benoît XVI aux évêques, au clergé, aux personnes consacrées et aux fidèles laïcs sur l'église en Afrique au service de la réconciliation, de la justice et de la paix: "Vous êtes le sel de la terre [...] Vous êtes la lumière du monde" (Mt 5,13.14)$9(OLS)http://pul/title/161749 996 $6260$aCittà del Vaticano :$bLibreria editrice vaticana$9(OLS)http://pul/publisher/47920